000 00370nam a2200145 a 4500
005 20140412111246.0
008 100122s19uu xx 00 eng d
020 _a0590-37038-3
050 _aTR(PS E
_bStr63 1975
100 _ade Paola, Tomie
245 _aStrega Nona /
_cTomie de Paola.
260 _aU.S.A :
_bScholastic,
_c1975.
300 _aunp.
999 _c102923
_d102923